LEADER 01086nam a2200265 i 4500 001 000000176498 003 CaOOAMICUS 005 20081209000000.0 008 081209s2008 it u000 u ita u 013 $a153987 020 $a978-88-88828-69-5 040 $aSeMil$bita 245 13$aIl caso Zingari /$cA cura di Marco Impagliazzo ; Introduzione di Andrea Riccardi. 260 $aMilano :$bLeonardo International,$ccopyr. 2008. 300 $a126 p. ;$c22 cm. 500 $aContiene : Appendice documentaria. 650 4$aZingari.$0(OLS)http://semarc/subject/22989 700 1 $aRiccardi, Andrea,$d<1950- >.$0(OLS)http://semarc/name/11768 700 1 $aImpagliazzo, Marco.$0(OLS)http://semarc/name/34643 850 $aSeMil 852 $aSeMil$W1$xVenegono$y1$m3N IV 521$j127320$B127320$CSeMilBibl$Z2$F141069 $81 961 $aOmaggio: Delpini mons. Mario 996 $6020$a978-88-88828-69-5$9(OLS)http://semarc/number/165077 996 $6245$aIl caso Zingari$9(OLS)http://semarc/title/253354 996 $6260$aMilano :$bLeonardo International$9(OLS)http://semarc/publisher/33827 LEADER 01232nam a2200241 i 4500 001 000000044940 003 CaOOAMICUS 005 20091103000000.0 008 091103s1959 gw u000 u ger u 013 $a16110 040 $aSeMil$bita 100 1 $aBeck, Hans-Georg.$0(OLS)http://semarc/name/22364 245 10$aKirche und theologische literatur im byzantinischen Reich /$cHans-Georg Beck. 260 $aMünchen :$bC. H. Beck'sche Verlagsbuchhandlung,$c1959. 300 $aXVI, 835 p. ;$c25 cm. 650 4$aTeologia biblica.$0(OLS)http://semarc/subject/438 773 0 $tHandbuch der Altertumswissenschaft.$dMünchen : C. H. Beck'sche Verlagsbuchhandlung, [19--]$gAbt.2$w()22347 773 0 $tHandbuch der klassischen Altertums-Wissenschaft.$dMünchen : C. H. Beck'sche Verlagsbuchhandlung, 1886.$w()27185 773 0 $tByzantinisches Handbuch.$dMünchen : C. H. Beck'sche Verlagsbuchhandlung $gAbt.2$w()27190 850 $aSeMil 852 $aSeMil$W1$xVenegono$y1$m2B V 120$j11095$B11095$CSeMilBibl$Z2$F11095 $81 996 $6245$aKirche und theologische literatur im byzantinischen Reich$9(OLS)http://semarc/title/66666 996 $6260$aMünchen :$bC. H. Beck'sche Verlagsbuchhandlung$9(OLS)http://semarc/publisher/35701